| 000 | 00530cam a22002171 4500 | ||
|---|---|---|---|
| 001 | sa 68001736 | ||
| 003 | DLC | ||
| 005 | 20260227112436.0 | ||
| 008 | 900105s1964 ii 000 0 pano | ||
| 010 | _asa 68001736 | ||
| 035 | _a(OCoLC)20851967 | ||
| 040 |
_aDLC _cWaU _dDLC |
||
| 042 | _apremarc | ||
| 050 | 0 | 0 |
_aPK2651 _b.S54 |
| 100 | 1 |
_aSingh, Santokh, _d1914- |
|
| 245 | 1 | 0 | _aShromaṇī Pañjābī sāhitakāra. |
| 260 | _c[1964] | ||
| 300 |
_a195 p. _c18 cm. |
||
| 500 | _aIn Panjabi. | ||
| 650 | 0 | _aAuthors, Panjabi. | |
| 999 |
_c78192 _d78192 |
||